00666nam a2200193Ia 450000500170000000800410001702000180005804000130007608200170008910000180010624500590012426000310018330000200021454600120023465000270024694200100027395201720028399900170045520251009115237.0231207s9999 xx 000 0 und d a9788188827077 cPK-LaNCA a781.745bKIL aKillius, Rolf 0aRitual music and Hindu rituals of KeralacRolf Killius bB. R. RhythmsaDelhic2006 aviii, 135pbill aEnglish aRituals music., Music. cMUSIC 0010406MUS_781_745000000000000_KIL_3215670927692aNCAbNCAcMusicology Sectiond2023-12-08l0oMUS 781.745 KIL 32156p32156r2023-12-08 00:00:00w2023-12-08yMUSIC c27692d27692